000 00521nam a22001577a 4500
008 150218b xxu||||| |||| 00| 0 eng d
020 _a9789966212436
050 _aBR115.P7 R983
100 _aRuwa, Michael Charo
_915369
245 _aPrinciples of Good Governance:
_bthe church's perspective
_cMichael Charo Ruwa
260 _aNairobi
_bPaulines Publications Africa
_c2001
300 _a64p. ;
_c21cm.
440 _aFaith and society series
_n4
_915370
650 _aChurch and politics
_915371
942 _2lcc
_cMONOGRAPH
999 _c122124
_d122124